Т. 3 : Поэмы. Проза; Собрание сочинений

গ্রন্থ-পঞ্জীর বিবরন
Parent link:Собрание сочинений: в 3 т./ Э. А. Асадов. Т. 3 : Поэмы. Проза.— , 1988-.— 5-280-00112-0
ভাষা:রুশ
প্রকাশিত: 1988
বিষয়গুলি:
বিন্যাস: MixedMaterials গ্রন্থ
KOHA link:https://koha.lib.tpu.ru/cgi-bin/koha/opac-detail.pl?biblionumber=92342

MARC

LEADER 00000nam2a2200000 4500
001 92342
005 20231031104629.0
010 |a 5280001147 
020 |a RU  |b 85-45017 
035 |a (RuTPU)RU\TPU\book\98945 
035 |a RU\TPU\book\93296 
090 |a 92342 
100 |a 20060313d1988 m y0rusy5003 ca 
101 0 |a rus 
102 |a RU 
105 |a y z 000ay 
200 0 |a Т. 3 : Поэмы. Проза 
210 |d 1988 
215 |a 511 с. 
320 |a Алф. указ. произведений: с. 495-508. 
461 1 |0 (RuTPU)RU\TPU\book\93295  |y 5-280-00112-0  |t Собрание сочинений  |o в 3 т.  |f Э. А. Асадов  |v Т. 3 : Поэмы. Проза  |d 1988- 
610 1 |a советская литература 
610 1 |a поэзия 
610 1 |a проза 
610 1 |a поэмы 
675 |a Р2  |z rus  |v 3 
801 0 |a RU  |b 63413507  |c 19950704  |g psbo 
801 1 |a RU  |b 63413507  |c 20050919  |g PSBO 
801 2 |a RU  |b 63413507  |c 20130809  |g PSBO 
942 |c BK